Nommer les pays du monde sans carte - Statistiques

Statistiques générales
  • Ce quiz a été pris 2 841 fois
  • Le résultat moyen est 135 sur 197
Statistiques - réponses
Answers % Correct
France
93%
Espagne
90%
Allemagne
89%
Portugal
87%
Belgique
86%
Russie
86%
Etats-Unis
85%
Canada
84%
Chine
84%
Finlande
84%
Italie
84%
Suède
84%
Australie
83%
Irlande
83%
Norvège
83%
Royaume-Uni
83%
Algérie
82%
Brésil
82%
Maroc
82%
Albanie
81%
Argentine
81%
Danemark
81%
Japon
81%
Lituanie
81%
Pologne
81%
Suisse
81%
Andorre
80%
Grèce
80%
Islande
80%
Ukraine
80%
Autriche
79%
Estonie
79%
Luxembourg
79%
Roumanie
79%
Biélorussie
78%
Corée du Sud
78%
Égypte
78%
Hongrie
78%
Inde
78%
Lettonie
78%
Mexique
78%
Pays-Bas
78%
Slovaquie
78%
Bulgarie
77%
Chili
77%
Corée du Nord
77%
Croatie
77%
Slovénie
77%
Afrique du Sud
76%
Colombie
76%
Monaco
76%
République démocratique du Congo
76%
Tunisie
76%
Vatican
76%
Nouvelle-Zélande
75%
République du Congo
75%
Bolivie
74%
Iran
74%
Israël
74%
Pérou
74%
Serbie
74%
Turquie
74%
Uruguay
74%
Afghanistan
73%
Arabie Saoudite
73%
Malte
73%
Pakistan
73%
République tchèque
73%
Venezuela
73%
Bosnie-Herzégovine
72%
Équateur
72%
Indonésie
72%
Irak
72%
Paraguay
72%
Arménie
71%
Cuba
71%
Kosovo
71%
Liechtenstein
71%
Macédoine du Nord
71%
Moldavie
71%
Saint-Marin
71%
Sénégal
71%
Viêt Nam
71%
Mali
70%
Monténégro
70%
Niger
70%
Thaïlande
70%
Chypre
69%
Guinée
69%
Kazakhstan
69%
Laos
69%
Liban
69%
Libye
69%
Mongolie
69%
Qatar
69%
Costa Rica
68%
Nigeria
68%
Ouzbékistan
68%
Yémen
68%
Cambodge
67%
Jamaïque
67%
Panama
67%
Somalie
67%
Soudan
67%
Zimbabwe
67%
Azerbaïdjan
66%
Cameroun
66%
Éthiopie
66%
Géorgie
66%
Honduras
66%
Madagascar
66%
Syrie
66%
Turkménistan
66%
Angola
65%
Guyana
65%
Haïti
65%
Jordanie
65%
Népal
65%
Suriname
65%
Togo
65%
Birmanie
64%
Côté d'Ivoire
64%
Émirats arabes unis
64%
Fidji
64%
Guatemala
64%
Kenya
64%
Malaisie
64%
Mauritanie
64%
Oman
64%
Zambie
64%
Bangladesh
63%
Bhoutan
63%
Nicaragua
63%
Philippines
63%
République dominicaine
63%
Belize
62%
Bénin
62%
Ghana
62%
Rwanda
62%
Soudan du sud
62%
Sri Lanka
62%
Érythrée
61%
Gabon
61%
Guinée équatoriale
61%
Papouasie-Nouvelle-Guinée
61%
Salvador
61%
Singapour
61%
Tadjikistan
61%
Tanzanie
61%
Tchad
61%
Cap-Vert
60%
Djibouti
60%
Guinée-Bissau
60%
Kirghizistan
60%
Namibie
60%
Sainte-Lucie
60%
Taïwan
60%
Bahamas
59%
Barbade
59%
Burkina Faso
59%
Koweït
59%
Lesotho
59%
Ouganda
59%
Saint-Vincent-et-les-Grenadines
59%
Seychelles
59%
Antigua-et-Barbuda
58%
Brunei
58%
Dominique
58%
Gambie
58%
Mozambique
58%
Vanuatu
58%
Bahreïn
57%
Botswana
57%
Burundi
57%
Comores
57%
Eswatini
57%
Île Maurice
57%
Îles Marshall
57%
Liberia
57%
Micronésie
57%
Samoa
57%
République Centrafricaine
56%
Saint-Christophe-et-Niévès
56%
Tuvalu
56%
Maldives
55%
Salomon
55%
Tonga
55%
Trinité-et-Tobago
55%
Grenade
54%
Nauru
54%
Palaos
54%
Sierra Leone
54%
Timor oriental
54%
Malawi
53%
Sao Tomé-et-Principe
53%
Kiribati
52%
Palestine
34%
Aucun quiz correspondant
Distribution des résultats
% des personnes avec chaque résultat
Percentile par nombre de réponses
Votre historique - résultats
Vous n’avez pas pris ce quiz